Statistics for Biggest World Cities by Letter - A (no country hints)

Click here to take the quiz!

General Stats

  • This quiz has been taken 118 times
  • The average score is 13 of 19

Answer Stats

PopulationCity% Correct
4.85 milAnkara
90%
3.65 milAddis Ababa
82%
8.00 milAhmedabad
80%
5.70 milAtlanta
79%
5.10 milAccra
78%
3.38 milAthens
78%
3.83 milAlgiers
76%
2.43 milAmsterdam
72%
3.20 milAbuja
69%
5.85 milAlexandria
68%
1.86 milAustin
67%
5.30 milAmman
64%
2.38 milAntananarivo
63%
2.28 milAsunción
61%
5.35 milAbidjan
58%
2.18 milAgra
58%
1.97 milAlmaty
53%
2.05 milAleppo
42%
2.53 milAnshan
31%

Score Distribution

Percentile by Number Answered

Percent of People with Each Score

Your Score History

You have not taken this quiz